Final report on the Nilgiri settlement; (Record no. 81098)

MARC details
000 -LEADER
fixed length control field 00756nam a22002291 4500
001 - CONTROL NUMBER
control field sa 68006047
003 - CONTROL NUMBER IDENTIFIER
control field DLC
005 - DATE AND TIME OF LATEST TRANSACTION
control field 20260227112513.0
008 - FIXED-LENGTH DATA ELEMENTS--GENERAL INFORMATION
fixed length control field 710915q19601968ii 00000 eng
010 ## - LIBRARY OF CONGRESS CONTROL NUMBER
LC control number sa 68006047
025 ## - OVERSEAS ACQUISITION NUMBER
Overseas acquisition number PL480:I-E-8559
043 ## - GEOGRAPHIC AREA CODE
Geographic area code a-ii---
050 0# - LIBRARY OF CONGRESS CALL NUMBER
Classification number HJ4387.N5
Item number A53
110 10 - MAIN ENTRY--CORPORATE NAME
Corporate name or jurisdiction name as entry element Nilgiri, India (State)
245 10 - TITLE STATEMENT
Title Final report on the Nilgiri settlement;
Remainder of title commenced on 1st December, 1917 and concluded on the 31st March, 1922.
260 0# - PUBLICATION, DISTRIBUTION, ETC.
Place of publication, distribution, etc. Berhampur,
Name of publisher, distributor, etc. Printed at Sarada Press
Date of publication, distribution, etc. [196-?]
300 ## - PHYSICAL DESCRIPTION
Extent 82 p.
Dimensions 32 cm.
350 ## - PRICE (NR) (BK AM CF MU VM SE) [OBSOLETE]
Price Rs1.81
650 #0 - SUBJECT ADDED ENTRY--TOPICAL TERM
Topical term or geographic name entry element Land value taxation
Geographic subdivision Nilgiri, India (State)
650 #0 - SUBJECT ADDED ENTRY--TOPICAL TERM
Topical term or geographic name entry element Land tenure
Geographic subdivision Nilgiri, India (State)
650 #0 - SUBJECT ADDED ENTRY--TOPICAL TERM
Topical term or geographic name entry element Agriculture
General subdivision Economic aspects
Geographic subdivision India
-- Nilgiri (State)

No items available.

Powered by Koha